=LDR 00000nam 2200000 4500 =001 INLIS000000000061975 =005 20250326073724 =035 ##$$a 0010-0223000047 =007 ta =008 250326###########################0#ind## =020 ##$$a 979-421-369-1 =082 ##$$a 658.383 =084 ##$$a 658.383 ABB m =100 #$$a Abbas Salim =245 1#$$a Manajemen Transportasi /$c Drs. H. A. Abbas Salim, S.E., M.A. =250 ##$$a cet 11 =260 ##$$a Jakarta :$b RajaGrafindo Persada,$c 2013 =300 ##$$a 346 halaman ; $c 21 cm =650 #4$$a pengangkutan =990 ##$$a 5202300105 =990 ##$$a 20611489